Metodičeskoje obespečenije SAPR v mašinostrojenii

Enregistré dans:
Détails bibliographiques
Auteur principal: Bykov, Vladislav Pavlovič
Format: Livre
Langue:russe
Publié: Leningrad Mašinostrojenije 1989
Édition:1. izd.
Tags: Ajouter un tag
Pas de tags, Soyez le premier à ajouter un tag!

MARC

LEADER 00000nam a2200000 4500
001 c038332
005 20221215134017.4
041 0 |a rus 
044 |a RU 
245 1 0 |a Metodičeskoje obespečenije SAPR v mašinostrojenii  |c Vladislav Pavlovič Bykov 
250 |a 1. izd. 
264 1 |a Leningrad  |b Mašinostrojenije  |c 1989 
300 |a 254 s. 
100 1 |a Bykov, Vladislav Pavlovič